000 00797 a2200193 4500
001 54225
005 20260407155812.0
008 260407a1976 arg spa d
003 AR-UNSa-BCEJYS
040 _aAR-UNSa-BCEJYS
_bspa
_cAR-UNSa-BCEJYS
080 _a336.744
_xMoneda universal, mundial. Moneda internacional. Convenciones monetarias internacionales. Países con la misma moneda (Economía Monetaria Internacional)
245 1 0 _aMoneda y desarrollo económico
264 1 _aMéxico :
_bEl Ateneo
_c1976
300 _a81 p.
_c20 cm.
505 _aPrimera conferencia: Reseña de las comprobaciones sobre monetarismo - Segunda conferencia: Política monetaria en los países en vías de desarrollo
942 _cBK
590 _aniveau_biblio:m niveau_hierar:0
100 1 _aFriedman, Milton
999 _c5396
_d5396